000
00185 a2200097 4500
020
_a
9780618648986
041
_a
eng
100
_a
Waldman. nomi j
245
_a
building a case
942
_c
BK
999
_c
954
_d
954